| 000 | 00453nam a2200109Ia 4500 | ||
|---|---|---|---|
| 008 | 220204s9999 xx 000 0 und d | ||
| 020 | _a8187607092 | ||
| 082 |
_a058:001.63 _bNST |
||
| 245 | 0 | _aDirectory of extramural research and development projects approved for funding by selected central government agencies/departments during 2002-2003 | |
| 260 |
_aNew Delhi _bNational Science & Technology Management Information Systems (NSTMIS) _c2005 |
||
| 942 | _cBK | ||
| 999 |
_c44195 _d44195 |
||